000 00732nam a2200193Ia 4500
001 10698
003 GE_BSU
008 181216s||||||||xx |||||||||||||| ||und||
040 _cGE_BSU
100 _aფხოველი,ჯარჯი
245 _aძველი წიგნებიდან ამოკრებილი ლექსები.
245 _cრედ.ზ.მოლაშხია; მხატვ.ა.თევზაძე.
260 _aთბილისი.
260 _bსაბჭ.საქართველო.
260 _c1983.
300 _a179გვ;17სმ.
653 _aძველი წიგნებიდან ამოკრებილი ლექსები.
942 _cBK
999 _c43949
_d43949